• 首页
  • 本馆介绍
  • 公告通知
  • 最新文献
  • 馆藏检索
  • 电子资源
  • 读者荐购
  • 参考咨询
  • CALIS
  • 我的图书馆
  • 登录
  • 详细信息显示
  • 放入我的书架
  • 预约/预借图书
  • 作者相关作品
  • 分类相关作品
  • 丛书相关作品
  • 出版社相关作品

书目信息

  • 表格格式
  • 工作单格式
  • 卡片格式
题名:
茶人三部曲
    
 
作者: 王旭烽 著
分册: 1   南方有嘉木
出版信息: 北京   人民文学出版社  2004.05
页数: 539页
开本: 21cm
丛书名: 中国当代名家长篇小说代表作
单 册:
中图分类: I247.5
科图分类:
主题词: 长篇小说--chang pian xiao shuo--中国--当代
电子资源:
ISBN: 7-02-004618-5
 
 
 
 
 
000 00962nam 2200253 450
001 012007907383
005 20070517162548.85
010    @a7-02-004618-5@dCNY75.00 (全三部)
100    @a20070316d2004 km y0chiy0120 ea
101 0  @achi
102    @aCN@b110000
105    @ay z 000ay
200 1  @a茶人三部曲@Acha ren san bu qu@h1@i南方有嘉木@f王旭烽著@Fwang xu feng zhu
210    @a北京@c人民文学出版社@d2004.05
215    @a539页@d21cm
225 2  @a中国当代名家长篇小说代表作@Azhong guo dang dai ming jia zhang pian xiao shuo dai biao zuo
330    @a《茶人三部曲》以茶为载体叙述了杭州杭姓茶叶世家一百年里的兴衰沉浮、艰难曲折的创业历程,折射了中华民族艰苦卓绝、生生不息的奋斗精
410  0 @12001 @a中国当代名家长篇小说代表作
517 1  @a南方有嘉木@Anan fang you jia mu
606 0  @a长篇小说@Achang pian xiao shuo@y中国@z当代
690    @aI247.5@v4
701  0 @a王旭烽@Awang xu feng@4著
801  0 @aCN@c20070517
905    @a10447@dI247.5@eW401:1
    
    茶人三部曲.1.南方有嘉木/王旭烽著.-北京:人民文学出版社,2004.05
    539页;21cm.-(中国当代名家长篇小说代表作)
    
    
    ISBN 7-02-004618-5:CNY75.00 (全三部)
    《茶人三部曲》以茶为载体叙述了杭州杭姓茶叶世家一百年里的兴衰沉浮、艰难曲折的创业历程,折射了中华民族艰苦卓绝、生生不息的奋斗精
●
相关链接 在E读中查询图书 在当当中查询图书 在豆瓣中查询图书


正题名:茶人三部曲     索取号:I247.5/W401:1         预约/预借

序号 登录号 条形码 馆藏地/架位号 状态 备注
1 237682   202376829   文学库108/108文学库 998排6列2层/ [索取号:I247.5/W401:1] 在馆    
2 237683   202376838   文学库108/108文学库 998排6列2层/ [索取号:I247.5/W401:1] 在馆    
3 237684   202376847   文学库108/108文学库 998排6列2层/ [索取号:I247.5/W401:1] 在馆    
河南城建学院图书馆 欢迎您!
大连网信软件有限公司© 版权所有